| 000 | 00476pab a2200181 454500 | ||
|---|---|---|---|
| 008 | 180718b2007 xxu||||| |||| 00| 0 eng d | ||
| 100 | _aAnderberg, Dan | ||
| 245 | _aStratification, social networks in the labour market, and intergenerational mobility | ||
| 260 | _c2007 | ||
| 300 | _ap.782-812. | ||
| 362 | _aApr | ||
| 650 | _aLabour mobility | ||
| 650 | _aLabour market | ||
| 700 | _aAnderson, Fredrik | ||
| 773 | _aEconomic Journal | ||
| 908 | _aN | ||
| 909 | _a74522 | ||
| 999 |
_c74522 _d74522 |
||